[Event "Tourn. n9925"]
[Site "www.echecsemail.com"]
[Date "2018.10.12"]
[Round "1"]
[White "Madz123456"]
[Black "Julian"]
[WhiteElo "1800"]
[BlackElo "1770"]
[Result "1-0"]
[Round "1"]
1.e4 e5
2.Ng1f3 Nb8c6
3.d4 exd4
4.Nf3xd4 d5
5.exd5 Nc6xd4
6.Qd1xd4 Ng8f6
7.Nb1c3 Bf8d6
8.Bf1b5 Bc8d7
9.Bb5xd7 Qd8xd7
10.Bc1g5 O-O-O
11.O-O-O Rh8e8
12.Qd4xa7 c6
13.Nc3a4 Bd6c7
14.Qa7a8 Bc7b8
15.Na4b6 { resign }
1-0

[Event "Match"]
[Site "www.echecsemail.com"]
[Date "2018.10.12"]
[Round "1"]
[White "Fangshuo"]
[Black "Zack1984"]
[WhiteElo "2040"]
[BlackElo "1370"]
[Result "0-1"]
[Round "1"]
1.e4 Ng8f6
2.e5 Nf6d5
3.c4 Nd5b6
4.d4 d6
5.Ng1f3 Bc8g4
6.h3 Bg4xf3
7.Qd1xf3 Nb8c6
8.Bc1e3 dxe5
9.dxe5 e6
10.Nb1c3 Bf8b4
11.Be3xb6 axb6
12.a3 Qd8d4
13.Ra1d1 Qd4xe5
14.Bf1e2 Bb4xc3
15.Qf3xc3 Qe5xc3
16.bxc3 Ra8xa3
17.Kd2 Ke7
18.Rd1a1 Rh8a8
{ resign }
0-1

[Event "1/8 Finale"]
[Site "www.chess-mail.com"]
[Date "2018.10.12"]
[Round "1"]
[White "George1955"]
[Black "Asoka"]
[WhiteElo "2700"]
[BlackElo "2700"]
[Result "1/2-1/2"]
[Round "1"]
1.e4 e5
2.Ng1f3 Nb8c6
3.Bf1b5 a6
4.Bb5a4 Ng8f6
5.O-O Bf8e7
6.Rf1e1 b5
7.Ba4b3 O-O
8.c3 d6
9.h3 Bc8b7
10.d4 Nf6d7
11.Nb1d2 Nc6a5
12.Bb3c2 c5
13.d5 Nd7b6
14.Nd2f1 f5
15.exf5 Bb7xd5
16.Nf1g3 Kh8
17.Qd1d3 Bd5g8
18.Nf3h2 Nb6d7
19.Nh2g4 Qd8e8
20.Qd3f3 Ra8d8
21.Re1d1 h5
22.Ng4e3 Nd7f6
23.Ng3e4 Qe8c6
24.Rd1e1 Rd8e8
25.Bc1d2 Bg8f7
26.Ne4g5 Qc6xf3
27.Ng5xf3 Nf6h7
28.Re1d1 Be7f6
29.Bc2e4 Na5c4
30.b3 Nc4xe3
31.Bd2xe3 Re8d8
32.Nf3d2 d5
33.Be3xc5 dxe4
34.Bc5xf8 e3
35.Bf8xg7 Kxg7
36.fxe3 Bf6g5
37.Kf2 Nh7f6
{ draw }
1/2-1/2

[Event "Match"]
[Site "www.echecsemail.com"]
[Date "2018.10.13"]
[Round "1"]
[White "J1j6"]
[Black "Biggles"]
[WhiteElo "1970"]
[BlackElo "2090"]
[Result "0-1"]
[Round "1"]
1.Ng1f3 Nb8c6
2.e4 e5
3.Bf1c4 Ng8f6
4.Nf3g5 d5
5.exd5 b5
6.Bc4xb5 Qd8xd5
7.Bb5xc6 Qd5xc6
8.O-O Bc8b7
9.Qd1f3 e4
10.Rf1e1 Bf8e7
11.Qf3c3 Be7c5
12.d4 Bc5b6
13.Qc3xc6 Bb7xc6
14.c3 O-O
15.b4 h6
16.Ng5h3 Bc6d5
17.a4 a5
18.b5 c5
19.bxc6 Bd5xc6
20.Bc1a3 Rf8e8
21.Nb1d2 Bb6c7
22.Ba3c5 Nf6g4
23.g3 Re8e6
24.c4 e3
25.d5 exf2
26.Nh3xf2 Re6xe1
27.Ra1xe1 Ng4xf2
28.Kxf2 Bc6xa4
29.d6 Bc7d8
30.Re1e4 Bd8f6
31.Nd2f3 Ba4c6
32.Re4e3 a4
33.Bc5b4 Ra8b8
34.Bb4c3 Bf6xc3
35.Re3xc3 Kf8
36.Nf3d4 Bc6d7
37.c5 Bd7e6
38.c6 Ke8
39.Nd4xe6 fxe6
40.d7 Ke7
41.c7 Rb8f8
42.Ke3 Kxd7
43.Ke4 Rf8c8
44.Rc3c4 Rc8xc7
45.Rc4xa4 Ke7
46.Ra4a8 Kf6
47.Ra8f8 Kg6
48.Ke5 Rc7c2
49.h4 Rc2e2
50.Kf4 e5
51.Kf3 Re2e1
52.Kg2 e4
53.Kf2 Re1a1
54.Rf8f4 Ra1a2
55.Ke3 Ra2a3
56.Kxe4 Ra3xg3
 { time }
0-1

[Event "Tourn. n9911"]
[Site "www.echecsemail.com"]
[Date "2018.10.13"]
[Round "1"]
[White "Aniruddhadg"]
[Black "Paulsyd"]
[WhiteElo "2600"]
[BlackElo "2630"]
[Result "0-1"]
[Round "1"]
1.d4 Ng8f6
2.Bc1g5 d5
3.e3 Nb8d7
4.Ng1f3 e6
5.Nb1d2 Bf8e7
6.Bf1d3 c5
7.c3 b6
8.O-O Bc8b7
9.Nf3e5 Nd7xe5
10.dxe5 Nf6d7
11.Bg5xe7 Qd8xe7
12.f4 O-O-O
13.a4 f6
14.Bd3b5 fxe5
15.Qd1e2 Nd7b8
 { time }
0-1

[Event "Tourn. n9937"]
[Site "www.echecsemail.com"]
[Date "2018.10.13"]
[Round "1"]
[White "Madz123456"]
[Black "Roque1"]
[WhiteElo "1940"]
[BlackElo "1730"]
[Result "0-1"]
[Round "1"]
1.e4 c5
2.Ng1f3 e6
3.d4 cxd4
4.Nf3xd4 Nb8c6
5.Bf1e2 Bf8c5
6.Nb1c3 Bc5xd4
7.Nc3b5 Bd4c5
8.Bc1e3 Bc5xe3
9.fxe3 d5
10.exd5 exd5
11.Qd1xd5 Qd8xd5
12.Nb5c7 { time. }
0-1

[Event "Tourn. n9910"]
[Site "www.echecsemail.com"]
[Date "2018.10.13"]
[Round "1"]
[White "Gilliere"]
[Black "Andychesston"]
[WhiteElo "1980"]
[BlackElo "2030"]
[Result "1-0"]
[Round "1"]
1.e4 e5
2.Ng1f3 Nb8c6
3.Bf1b5 d6
4.Nb1c3 Bc8g4
5.O-O Ng8f6
6.d3 Bf8e7
7.h3 Bg4h5
8.Bc1g5 O-O
9.Bg5xf6 Nc6d4
10.Bf6xe7 Qd8xe7
11.g4 Nd4xf3
12.Qd1xf3 Bh5g6
13.Nc3d5 Qe7d8
14.Bb5c4 c6
15.Nd5e3 b5
16.Bc4b3 Kh8
17.Qf3g3 f6
18.Bb3e6 Rf8e8
19.Be6b3 Re8e7
20.f3 a5
21.a3 Qd8b6
22.Qg3f2 a4
23.Bb3a2 Bg6f7
24.Ba2xf7 Re7xf7
25.Ne3f5 Qb6c7
26.Kg2 c5
27.Nf5e3 Ra8a6
28.Ne3d5 Qc7a7
29.Rf1h1 b4
30.axb4 a3
31.bxa3 Ra6xa3
32.Ra1xa3 Qa7xa3
33.bxc5 dxc5
34.Rh1b1 h5
35.Rb1b8 Kh7
36.gxh5 f5
37.exf5 Rf7xf5
38.Nd5e3 Rf5g5
39.Ne3g4 Qa3a7
40.Rb8c8 Qa7e7
41.Rc8xc5 Rg5xh5
42.Rc5c4 Qe7d6
43.Qf2e3 Qd6g6
44.Qe3e4 Rh5f5
45.Rc4c5 Qg6g5
46.Rc5xe5 Qg5d2
47.Ng4f2 Qd2g5
48.Kh2 Qg5f4
49.Qe4xf4 Rf5xf4
50.Kg3 Rf4a4
51.Re5c5 Kh6
52.c4 Ra4a1
53.Kg2 Ra1a2
54.Rc5d5 g5
55.c5 Kg6
56.Rd5d6 Kf5
57.c6 Kf4
58.c7 Ra2c2
59.Rd6d7 Ke3
60.Rd7e7 Kd4
61.Re7e4 { resign }
1-0

[Event "Tourn. n9904"]
[Site "www.echecsemail.com"]
[Date "2018.10.13"]
[Round "1"]
[White "Ditto"]
[Black "Cybervincy"]
[WhiteElo "1880"]
[BlackElo "1929"]
[Result "0-1"]
[Round "1"]
1.e4 e6
2.e5 d6
3.Ng1f3 Nb8c6
4.d4 dxe5
5.Bf1b5 Ng8e7
6.Bc1g5 f6
7.Bg5e3 exd4
8.Nf3xd4 Bc8d7
9.O-O e5
10.Nd4f3 Ne7f5
11.Be3d2 Bf8c5
12.c3 Qd8e7
13.Bb5c4 O-O-O
14.Qd1c2 g5
15.Bc4d3 Nf5h4
16.Bd3e4 h5
17.b4 Bc5d6
18.Bd2e3 Nh4xf3
19.Be4xf3 g4
20.Bf3d5 Qe7h7
21.Qc2e2 Nc6e7
22.Rf1d1 Ne7xd5
23.Rd1xd5 Kb8
24.Qe2b2 h4
25.Qb2a3 b6
26.Nb1d2 g3
27.fxg3 hxg3
28.h3 Bd7xh3
29.Kf1 Bh3e6
30.Rd5xd6 Rd8xd6
31.c4 Rd6d3
32.Qa3a4 Rd3xe3
33.Qa4c6 Qh7h1

0-1

[Event "Tourn. n9954"]
[Site "www.echecsemail.com"]
[Date "2018.10.13"]
[Round "1"]
[White "Comrade"]
[Black "Kuriero"]
[WhiteElo "2240"]
[BlackElo "2250"]
[Result "1/2-1/2"]
[Round "1"]
1.c4 Ng8f6
2.Nb1c3 e6
3.d4 d5
4.e3 Bf8e7
5.Ng1f3 O-O
6.Bf1d3 dxc4
7.Bd3xc4 a6
8.O-O b5
9.Bc4d3 Bc8b7
10.a3 c5
11.dxc5 Be7xc5
12.b4 Bc5e7
13.Bc1b2 Nb8d7
14.Ra1c1 Ra8c8
15.Qd1e2 Bb7xf3
16.gxf3 Nd7e5
17.Rf1d1 Ne5xd3
18.Rd1xd3 Qd8b6
19.Rc1d1 Rf8d8
20.Rd3xd8 Rc8xd8
21.Rd1xd8 Qb6xd8
22.Qe2d1 Qd8xd1
23.Nc3xd1 Nf6d7
24.f4 Nd7b6
25.Nd1c3 Be7f6
26.e4 Nb6c4
27.e5 Nc4xb2
28.exf6 gxf6
29.Nc3e4 f5
30.Ne4c5 Nb2c4
31.a4 bxa4
32.Nc5xa4 Kf8
33.Na4c5 a5
34.bxa5 Nc4xa5
{ draw }
1/2-1/2

[Event "Match"]
[Site "www.echecsemail.com"]
[Date "2018.10.13"]
[Round "1"]
[White "Gambitmiau"]
[Black "Paco"]
[WhiteElo "1940"]
[BlackElo "1980"]
[Result "1-0"]
[Round "1"]
1.e4 e5
2.d4 exd4
3.Qd1xd4 Nb8c6
4.Qd4a4 d5
5.Bf1b5 Bc8d7
6.exd5 Nc6e5
7.Ng1e2 a6
8.Bb5xd7 Qd8xd7
9.Qa4e4 Bf8d6
10.f4 O-O-O
11.fxe5 Rd8e8
12.Bc1f4 Ng8f6
13.Qe4d4 Qd7b5
14.Nb1c3 Qb5xb2
15.O-O Qb2b6
16.Qd4xb6 cxb6
17.exd6 Re8d8
18.Bf4g5 Rd8xd6
19.Bg5xf6 gxf6
20.Ne2d4 b5
21.Nd4f5 Rd6d7
22.d6 b4
23.Nc3a4 Rh8g8
24.Na4b6 Kd8
25.Nb6xd7 Kxd7
26.Ra1e1 Rg8e8
27.Re1e7 { resign }
1-0

[Event "Tourn. n9918"]
[Site "www.echecsemail.com"]
[Date "2018.10.13"]
[Round "1"]
[White "Picifarkinca"]
[Black "Alcon"]
[WhiteElo "1440"]
[BlackElo "1199"]
[Result "0-1"]
[Round "1"]
1.d4 b6
2.c4 e6
3.a3 Bc8b7
4.Nb1c3 c5
5.d5 exd5
6.Nc3xd5 d6
7.Ng1f3 Ng8f6
8.Bc1g5 Bf8e7
9.Nd5xe7 Qd8xe7
10.e3 Nb8d7
11.Bf1e2 O-O
12.O-O h6
13.Bg5f4 Nd7e5
14.Bf4xe5 dxe5
15.Qd1c1 e4
16.Nf3d2 Ra8d8
17.Qc1c3 Nf6d7
18.Ra1d1 Nd7e5
19.Nd2b1 Ne5d3
20.Nb1d2 f5
{ resign }
0-1

[Event "Fast Game"]
[Site "www.echecsemail.com"]
[Date "2018.10.13"]
[Round "1"]
[White "Hennie4820"]
[Black "Krazy4chess"]
[WhiteElo "1690"]
[BlackElo "1890"]
[Result "0-1"]
[Round "1"]
1.e4 c5
2.Ng1f3 d6
3.d4 cxd4
4.Nf3xd4 Ng8f6
5.Nb1c3 a6
6.Bc1e3 e5
7.Nd4b3 Bf8e7
8.Bf1e2 O-O
9.O-O Bc8e6
10.f3 Nb8d7
11.Qd1d2 Ra8c8
12.Ra1d1 b5
13.a3 h6
14.Nc3d5 Be6xd5
15.exd5 Nd7b6
16.Nb3a5 Nb6xd5
17.Be3f2 Nd5f4
18.Na5b3 Rf8e8
19.c3 Nf6d5
20.g3 Nf4h3
21.Kg2 Nh3xf2
22.Rf1xf2 Nd5b6
23.Be2d3 d5
24.Rf2e2 Be7g5
25.Qd2e1 Nb6c4
26.h4 Bg5f6
27.Bd3f5 Rc8c7
28.f4 g6
29.Bf5b1 Nc4xb2
30.Re2xb2 exf4
31.Rb2e2 Re8xe2
32.Qe1xe2 Rc7xc3
33.Bb1a2 f3
{ resign }
0-1

[Event "Fast Game"]
[Site "www.echecsemail.com"]
[Date "2018.10.13"]
[Round "1"]
[White "Zack1984"]
[Black "Apdash"]
[WhiteElo "1960"]
[BlackElo "1850"]
[Result "1-0"]
[Round "1"]
1.b4 d5
2.Bc1b2 d4
3.Ng1f3 e5
4.Nf3xe5 Bf8xb4
5.c3 dxc3
6.Nb1xc3 Bb4d6
7.Qd1a4 c6
8.Nc3e4 f6
9.Ne4xd6 Qd8xd6
10.Ne5c4 Qd6c7
11.Bb2a3 Bc8e6
12.Nc4d6 Kd8
13.Qa4e4 Kd7
14.Qe4d3 Be6d5
15.e4 Ng8e7
16.exd5 Ne7xd5
17.Bf1e2 Nb8a6
18.Be2g4 Kd8
19.Ra1b1 Ra8b8
20.O-O b5
21.Nd6xb5 Qc7f4
22.Nb5xa7 Rb8xb1
23.Na7xc6 Kc7
24.Rf1xb1 Qf4xg4
25.Qd3xd5 Qg4f4
26.Qd5f7 Kc8
27.Qf7b7 { resign }
1-0

[Event "Tourn. n9764"]
[Site "www.chess-mail.com"]
[Date "2018.10.14"]
[Round "1"]
[White "Sachpat"]
[Black "Seger"]
[WhiteElo "2850"]
[BlackElo "2790"]
[Result "1/2-1/2"]
[Round "1"]
1.e4 e5
2.Ng1f3 Nb8c6
3.Bf1b5 Ng8f6
4.O-O Nf6xe4
5.d4 Ne4d6
6.Bb5xc6 dxc6
7.dxe5 Nd6f5
8.Qd1xd8 Kxd8
9.Nb1c3 Ke8
10.h3 Bf8e7
11.Rf1d1 Bc8e6
12.b3 Ra8d8
13.Bc1b2 h5
14.Nc3e4 Be6d5
15.Nf3g5 b5
16.Rd1d3 Rh8h6
17.Ra1e1 Rh6g6
18.f4 Rd8d7
19.Re1e2 h4
20.Re2d2 b4
21.Kh2 Rd7d8
22.Rd2e2 a5
23.c4 bxc3
24.Bb2xc3 a4
25.Bc3a5 Rd8c8
26.Ng5f3 Rc8a8
27.Ba5e1 axb3
28.axb3 Ra8b8
29.Be1a5 Nf5g3
30.Ne4xg3 hxg3
31.Kh1 Rg6h6
32.Nf3g1 Rb8xb3
33.Rd3xb3 Bd5xb3
34.Re2e3 Bb3d5
35.Re3xg3 c5
36.Rg3xg7 Rh6a6
37.Ba5xc7 Kd7
38.Bc7d6 Be7xd6
39.exd6 Ra6a2
40.h4 c4
41.h5 c3
42.h6 Ra2a1
43.h7 c2
44.h8Q c1Q
45.Qh8h2 Kxd6
46.Rg7g8 Kc7
47.Rg8e8 Qc1d1
48.f5 Kd7
49.Re8h8 Qd1d4
50.Rh8h6 Qd4c5
51.Rh6h8 Qc5d4
52.Rh8h6 Bd5c4
53.Rh6h3 Kc6
54.Rh3h6 Kb5
55.Qh2b8 Ka4
56.Qb8e8 Ka5
57.Qe8a8 Kb4
58.Qa8b8 Kc3
59.Qb8h2 Kb3
60.Qh2b8 Kc3
61.Qb8h2 Bc4d5
62.Rh6h3 Kb2
63.Rh3h7 Ra1d1
64.f6 Ka2
65.Rh7h3 Bd5c6
66.Rh3g3 Bc6d5
67.Rg3h3 Bd5c6
68.Rh3g3 Rd1b1
69.Rg3h3 Rb1c1
70.Rh3g3 Bc6d5
71.Rg3h3 Rc1d1
72.Rh3g3 Rd1f1
73.Rg3h3 Kb1
74.Rh3g3 Ka2
75.Rg3h3 Rf1d1
76.Rh3g3 Bd5c6
77.Rg3h3 Kb2
{ draw }
1/2-1/2

[Event "Match"]
[Site "www.echecsemail.com"]
[Date "2018.10.14"]
[Round "1"]
[White "Drill64"]
[Black "Cal"]
[WhiteElo "1799"]
[BlackElo "1750"]
[Result "1-0"]
[Round "1"]
1.Ng1f3 Nb8c6
2.d4 d5
3.g3 h6
4.Bf1g2 Ng8f6
5.O-O e6
6.b3 a6
7.Bc1b2 Bf8b4
8.a3 Bb4a5
9.Nb1d2 b5
10.c4 bxc4
11.bxc4 Ba5xd2
12.Nf3xd2 O-O
13.Qd1c2 dxc4
14.Bg2xc6 Ra8b8
15.Nd2xc4 Bc8d7
16.Bc6xd7 Nf6xd7
17.Nc4e5 Nd7f6
18.e3 Rb8b5
19.a4 Rb5d5
20.Bb2a3 Rf8e8
21.Rf1c1 c5
22.Ba3xc5 Nf6h7
23.Ne5xf7 Kxf7
24.Qc2xh7 Rd5g5
25.a5 Qd8d5
26.Bc5b6 Rg5g6
27.Rc1c7 Kf6
28.Ra1c1 Qd5f3
29.Rc7d7 h5
30.Bb6d8 Re8xd8
31.Rd7xd8 Qf3g4
32.Rd8f8 Ke7
33.Rf8f4 Qg4e2
34.Qh7xg6 Qe2d2
35.Qg6xg7 Kd6
36.Qg7c7 Kd5
37.Qc7c5 { resign }
1-0

[Event "Match"]
[Site "www.echecsemail.com"]
[Date "2018.10.14"]
[Round "1"]
[White "Libiesse"]
[Black "J1j6"]
[WhiteElo "1950"]
[BlackElo "1940"]
[Result "1-0"]
[Round "1"]
1.d4 Ng8f6
2.c4 d5
3.Ng1f3 dxc4
4.Nb1c3 Bc8f5
5.Bc1f4 Nb8c6
6.e3 Nc6a5
7.Qd1a4 c6
8.Bf1xc4 Na5xc4
9.Qa4xc4 e6
10.O-O Bf8d6
11.Bf4xd6 Qd8xd6
12.Rf1e1 O-O
13.Ra1d1 Qd6e7
14.e4 Bf5g4
15.Re1e3 b5
16.Qc4xc6 a6
17.d5 Rf8c8
18.Qc6b6 Nf6d7
19.Qb6a5 Qe7c5
20.Re3d3 exd5
21.Rd3xd5 Qc5c6
22.Nf3e5 Qc6b7
23.Ne5xg4 h6
24.Rd5xd7 Qb7c6
25.Ng4e5 Qc6e6
26.Ne5xf7 Rc8f8
27.Rd1d6 Qe6c4
28.Qa5c7  { time }
1-0

[Event "Tourn. n9950"]
[Site "www.echecsemail.com"]
[Date "2018.10.14"]
[Round "1"]
[White "Obisporey"]
[Black "Conde7"]
[WhiteElo "2530"]
[BlackElo "2810"]
[Result "1/2-1/2"]
[Round "1"]
1.e4 c5
2.Ng1f3 d6
3.Bf1b5 Nb8d7
4.d4 cxd4
5.Qd1xd4 e5
6.Qd4d3 a6
7.Bb5xd7 Bc8xd7
8.c4 b5
9.Nb1c3 bxc4
10.Qd3xc4 Bd7e6
11.Qc4c6 Be6d7
12.Qc6c4 Bf8e7
13.O-O Ng8f6
14.Bc1g5 Bd7e6
15.Qc4d3 O-O
16.Bg5xf6 Be7xf6
17.Nc3d5 Be6xd5
18.Qd3xd5 Ra8b8
19.b3 Rb8b5
20.Qd5d3 Qd8a5
21.a4 Rb5b4
22.Ra1c1 Rf8b8
23.Rc1c3 d5
24.Rf1c1 g6
25.Qd3xd5 Qa5xd5
26.exd5 e4
27.Rc3c6 Kg7
28.Nf3e1 Rb4xb3
29.Kf1 Rb3a3
30.Rc1c4 Rb8b1
31.Rc4xe4 Ra3a1
32.d6 Rb1d1
33.f3 Bf6b2
{ draw }
1/2-1/2

[Event "Tourn. n9972"]
[Site "www.echecsemail.com"]
[Date "2018.10.14"]
[Round "1"]
[White "Estonia"]
[Black "Fantomas"]
[WhiteElo "2000"]
[BlackElo "2160"]
[Result "0-1"]
[Round "1"]
1.d4 d5
2.Ng1f3 Nb8c6
3.c4 e6
4.e3 Ng8f6
5.Nb1c3 Bf8e7
6.a3 O-O
7.Bf1d3 h6
8.O-O a6
9.cxd5 exd5
10.b4 Bc8e6
11.Bc1b2 Be7d6
12.Ra1c1 Qd8d7
13.b5 axb5
14.Nc3xb5 Rf8c8
15.Nb5xd6 Qd7xd6
16.Nf3e5 Nc6e7
17.Bd3b1 c6
18.f4 Nf6e4
19.Ne5d3 Ne7f5
20.Qd1e2 Qd6e7
21.Nd3c5 Ne4xc5
22.Rc1xc5 Be6d7
23.Bb1xf5 Bd7xf5
24.Rf1c1 Rc8e8
25.Rc1c3 Qe7f6
26.Rc3b3 Bf5c8
27.Rc5c1 Qf6xf4
28.exf4 Re8xe2
29.Rc1f1 Ra8a4
30.Bb2a1 Ra4c4
31.h3 Rc4c2
32.Rb3g3 Bc8f5
33.Ba1c3 Bf5e4
34.Bc3b4 Be4xg2
35.Rg3xg2 Re2xg2
{ resign }
0-1

[Event "Tourn. n9907"]
[Site "www.echecsemail.com"]
[Date "2018.10.14"]
[Round "1"]
[White "Fabos12"]
[Black "Malbertan"]
[WhiteElo "1960"]
[BlackElo "2050"]
[Result "1-0"]
[Round "1"]
1.d4 e6
2.c4 d5
3.cxd5 Qd8xd5
4.e3 Ng8f6
5.f3 c5
6.Nb1c3 Qd5h5
7.Bf1d3 Nb8c6
8.Ng1e2 cxd4
9.Ne2xd4 Bc8d7
10.O-O Nc6e5
11.Bd3e2 Ne5c6
12.Nd4b5 O-O-O
13.Nb5d6 Bf8xd6
14.Qd1xd6 g5
15.f4 Qh5g6
16.fxg5 Qg6xg5
17.e4 Qg5g6
18.Qd6f4 Rh8g8
19.g3 Nf6g4
20.Nc3b5 e5
21.Qf4xf7 Qg6xf7
22.Rf1xf7 h5
23.h3 Bd7e6
24.Rf7f1 a6
25.Nb5a3 Nc6d4
26.Be2d1 Rd8f8
27.Rf1xf8 Rg8xf8
28.hxg4 hxg4
29.Bc1e3 Nd4f3
30.Bd1xf3 Rf8xf3
31.Ra1c1 Kb8
32.Be3f2 Be6xa2
33.Na3c4 Ba2xc4
34.Rc1xc4 Rf3b3
35.Rc4c2 Rb3b4
36.Rc2e2 b5
37.Bf2c5 Rb4b3
38.Bc5d6 { resign }
1-0

[Event "Match"]
[Site "www.echecsemail.com"]
[Date "2018.10.14"]
[Round "1"]
[White "Dalwhite"]
[Black "Silverking"]
[WhiteElo "1839"]
[BlackElo "2259"]
[Result "0-1"]
[Round "1"]
1.d4 d5
2.Nb1c3 Bc8f5
3.e3 Ng8f6
4.Bf1d3 Bf5xd3
5.Qd1xd3 e6
6.Ng1f3 c5
7.Nc3b5 a6
8.Qd3a3 Nb8c6
9.Nb5c3 cxd4
10.Qa3b3 dxc3
11.bxc3 b5
12.a4 b4
13.Bc1d2 Nc6a5
14.Qb3b1 Na5c4
15.Bd2c1 Ra8b8
16.O-O Nf6e4
17.Rf1d1 Ne4xc3
18.Qb1b3 Nc3xd1
19.Nf3d4 Qd8c7
20.f3 Bf8c5
21.g3 O-O
22.Qb3d3 Nd1c3
23.Kf2 Rf8d8
24.e4 dxe4
25.Bc1f4 exd3
26.Bf4xc7 Bc5xd4
27.Ke1 d2
28.Kf1 Nc4e3
{ resign }
0-1

[Event "Tourn. n9972"]
[Site "www.echecsemail.com"]
[Date "2018.10.14"]
[Round "1"]
[White "Apdash"]
[Black "Raicolin"]
[WhiteElo "2230"]
[BlackElo "2130"]
[Result "0-1"]
[Round "1"]
1.e4 d5
2.exd5 Qd8xd5
3.Nb1c3 Qd5d6
4.d4 Ng8f6
5.Bf1c4 c6
6.Bc1g5 h6
7.Bg5h4 Bc8f5
8.Ng1e2 e6
9.Bh4g3 Qd6b4
10.Bc4b3 Bf8e7
11.a3 Qb4a5
12.O-O O-O
13.Bg3e5 Nb8d7
14.f4 Nf6d5
15.Nc3xd5 cxd5
16.Ne2g3 f6
17.Ng3xf5 exf5
18.Qd1f3 fxe5
19.Bb3xd5 Kh8
20.fxe5 Qa5b6
21.Qf3f2 Nd7xe5
22.dxe5 Be7c5
23.Qf2xc5 Qb6xc5
{ resign }
0-1

[Event "Tourn. n9930"]
[Site "www.echecsemail.com"]
[Date "2018.10.14"]
[Round "1"]
[White "Gilliere"]
[Black "J1j6"]
[WhiteElo "2020"]
[BlackElo "1880"]
[Result "1-0"]
[Round "1"]
1.d4 Ng8f6
2.c4 d5
3.cxd5 Qd8xd5
4.Nb1c3 Qd5d7
5.e3 c6
6.Ng1f3 e6
7.Bf1d3 b6
8.O-O Bc8b7
9.Nf3e5 Qd7c7
10.a3 Bf8d6
11.Ne5f3 Nb8d7
12.h3 O-O-O
13.b4 b5
14.Bc1b2 h6
15.Nc3e4 Nf6xe4
16.Bd3xe4 f5
17.Be4d3 Nd7f6
18.Qd1b3 Qc7d7
19.Ra1c1 Nf6d5
20.Nf3e5 Bd6xe5
21.dxe5 Nd5xe3
22.fxe3 Qd7xd3
23.Qb3xe6 Kb8
24.Qe6xf5 Qd3xe3
25.Kh1 Rh8f8
26.Qf5g4 Rf8xf1
27.Rc1xf1 Bb7c8
28.Qg4xg7 Rd8d2
29.Bb2c1 Qe3e2
30.Bc1xd2 Qe2xf1
31.Kh2 c5
32.bxc5 Qf1d1
33.Bd2xh6 Qd1a4
34.Qg7g3 Kb7
35.Qg3f3 Kb8
36.c6 Bc8a6
37.e6 Qa4d4
38.Qf3f4 Qd4xf4
39.Bh6xf4  { time }
1-0

[Event "Match"]
[Site "www.echecsemail.com"]
[Date "2018.10.14"]
[Round "1"]
[White "Luke1302"]
[Black "J1j6"]
[WhiteElo "1390"]
[BlackElo "1880"]
[Result "1-0"]
[Round "1"]
1.e4 e5
2.Qd1e2 c6
3.g3 Ng8f6
4.h3 d5
5.d3 d4
6.b3 Bf8e7
7.Bc1b2 Qd8a5
8.c3 b5
9.b4 Qa5c7
10.Bf1g2 Bc8e6
11.Ng1f3 Be7d6
12.Nf3g5 Nb8d7
13.Bg2f3 h6
14.Ng5xe6 fxe6
15.Bf3h5 Kd8
16.cxd4 exd4
17.Bb2xd4 e5
18.Bh5g4 exd4
19.Bg4xd7 Kxd7
20.e5 Bd6xe5
21.O-O Rh8e8
22.f4  { time }
1-0

[Event "Match"]
[Site "www.echecsemail.com"]
[Date "2018.10.14"]
[Round "1"]
[White "Chapi"]
[Black "Darknight"]
[WhiteElo "2060"]
[BlackElo "1880"]
[Result "1-0"]
[Round "1"]
1.d4 d5
2.c4 e6
3.Nb1c3 a6
4.Ng1f3 h6
5.cxd5 exd5
6.Qd1b3 c6
7.e4 Bf8d6
8.exd5 c5
9.Bf1c4 Ng8f6
10.O-O cxd4
11.Nf3xd4 Nb8d7
12.Rf1e1 Nd7e5
13.Bc1f4 g5
14.Bf4xe5 Bd6xe5
15.Re1xe5 Kd7
16.Ra1e1 Kc7
17.Re5e7 Kb8
18.Nd4c6 
1-0

[Event "Tourn. n9953"]
[Site "www.echecsemail.com"]
[Date "2018.10.15"]
[Round "1"]
[White "Orhany24"]
[Black "Ssharp"]
[WhiteElo "2050"]
[BlackElo "2290"]
[Result "1/2-1/2"]
[Round "1"]
1.e4 e6
2.d4 d5
3.exd5 exd5
4.Ng1f3 Ng8f6
5.Bf1d3 Bf8d6
6.O-O O-O
7.h3 h6
8.c4 c6
9.Nb1c3 Rf8e8
10.c5 Bd6c7
11.Bc1e3 Bc8e6
12.Rf1e1 Nb8d7
13.Qd1d2 Nd7f8
14.b4 b5
15.a4 a6
16.axb5 axb5
17.Qd2b2 Qd8d7
18.Bd3f1 Be6f5
19.Ra1a2 Re8b8
20.Re1a1 Ra8xa2
21.Ra1xa2 Qd7c8
22.Qb2a1 Nf6e4
23.Nc3xe4 Bf5xe4
24.Nf3d2 Be4f5
25.Ra2a7 Rb8b7
26.Ra7a8 Rb7b8
27.Ra8a7 Rb8b7
28.Ra7a8 Rb7b8
{ draw }
1/2-1/2

[Event "Tourn. n9892"]
[Site "www.echecsemail.com"]
[Date "2018.10.15"]
[Round "1"]
[White "Numanoid"]
[Black "Cathar"]
[WhiteElo "2510"]
[BlackElo "2410"]
[Result "1-0"]
[Round "1"]
1.e4 e6
2.d4 d5
3.e5 c5
4.c3 Nb8c6
5.Ng1f3 Bc8d7
6.Bf1e2 Ng8e7
7.O-O Ne7g6
8.g3 Bf8e7
9.h4 cxd4
10.cxd4 O-O
11.h5 Ng6h8
12.Nb1c3 f6
13.exf6 Be7xf6
14.Bc1e3 Nh8f7
15.Be2d3 Nf7g5
16.Nf3xg5 Bf6xg5
17.f4 Bg5f6
18.Bd3c2 Bd7e8
19.Kg2 Be8f7
20.Qd1d3 g6
21.a3 Qd8e7
22.Ra1e1 Qe7d6
23.g4 Bf6g7
24.hxg6 Bf7xg6
25.f5 exf5
26.gxf5 Rf8xf5
27.Rf1xf5 Nc6e7
28.Be3f4 Qd6d7
29.Re1xe7 Qd7xe7
30.Nc3xd5 Qe7d7
31.Qd3b3 Bg6xf5
32.Nd5f6 { resign }
1-0

[Event "Match"]
[Site "www.echecsemail.com"]
[Date "2018.10.15"]
[Round "1"]
[White "Pinehill"]
[Black "Apdash"]
[WhiteElo "2100"]
[BlackElo "2160"]
[Result "0-1"]
[Round "1"]
1.e4 e5
2.d4 exd4
3.Bf1c4 Nb8c6
4.Ng1f3 Bf8b4
5.c3 dxc3
6.bxc3 Bb4c5
7.O-O Ng8f6
8.e5 Nf6g8
9.Nf3g5 Ng8h6
10.a3 O-O
11.Kh1 Nc6xe5
12.Bc4a2 Nh6g4
13.Bc1e3 Bc5xe3
14.Ng5h3 Be3c5
15.f4 Ng4e3
16.Qd1h5 Qd8f6
17.Nh3g5 h6
18.Ng5e4 Qf6g6
19.Qh5e2 Qg6xe4
20.Nb1d2 Qe4d3
21.Rf1e1 Qd3xe2
22.Re1xe2 Ne5g4
23.h3 Ne3f5
24.Nd2e4 Ng4f6
25.Ne4xf6 gxf6
26.Re2d2 d6
27.Ra1e1 Bc5e3
28.Rd2d5 Nf5g3
29.Kh2 Be3xf4
30.h4 Bc8e6
{ resign }
0-1

[Event "Match"]
[Site "www.echecsemail.com"]
[Date "2018.10.15"]
[Round "1"]
[White "Roque1"]
[Black "Eeze"]
[WhiteElo "1730"]
[BlackElo "1900"]
[Result "1-0"]
[Round "1"]
1.e4 e5
2.Ng1f3 d6
3.Bf1b5 c6
4.Bb5a4 b5
5.Ba4b3 Bc8g4
6.d3 h6
7.O-O Nb8d7
8.Bc1e3 Bf8e7
9.Nb1d2 Bg4h5
10.a4 d5
11.axb5 d4
12.Be3xd4 exd4
13.bxc6 Nd7b6
14.Ra1a5 Be7b4
15.Ra5xh5 Ng8f6
16.Rh5e5 Bb4e7
17.Nf3xd4 Qd8xd4
18.Re5b5 O-O
19.Nd2f3 Qd4d8
20.d4 Nf6xe4
21.Nf3e5 Ne4f6
22.c4 Qd8c7
23.c5 Nb6d5
24.Bb3xd5 Nf6xd5
25.Rb5b7 Qc7c8
26.Qd1f3 Qc8e6
27.b4 Be7f6
28.Rf1a1 Bf6xe5
29.dxe5 Qe6xc6
30.Ra1xa7 Ra8xa7
31.Rb7xa7 Nd5xb4
32.Qf3c3  { time }
1-0

[Event "Tourn. n9975"]
[Site "www.echecsemail.com"]
[Date "2018.10.15"]
[Round "1"]
[White "Apdash"]
[Black "Fantomas"]
[WhiteElo "2230"]
[BlackElo "2160"]
[Result "1/2-1/2"]
[Round "1"]
1.d4 Ng8f6
2.c4 e6
3.a3 d5
4.Nb1c3 Bf8e7
5.e3 O-O
6.Ng1f3 c5
7.cxd5 Nf6xd5
8.Bf1c4 Nd5b6
9.Bc4a2 cxd4
10.Nf3xd4 a6
11.O-O Bc8d7
12.Qd1f3 Nb8c6
13.b4 Be7f6
14.Qf3d1 Qd8c7
15.Nc3e2 Ra8d8
16.Bc1b2 Nc6xd4
17.Bb2xd4 Bf6xd4
18.exd4 Bd7b5
19.Rf1e1 Qc7d6
20.Ra1c1 Bb5xe2
21.Qd1xe2 Qd6xd4
22.Rc1d1 Qd4f6
23.h3 Qf6c3
24.Rd1xd8 Rf8xd8
25.Re1d1 Qc3c7
26.Rd1xd8 Qc7xd8
27.Kh2 g6
{ draw }
1/2-1/2

[Event "1/16 Finale"]
[Site "www.chess-mail.com"]
[Date "2018.10.15"]
[Round "1"]
[White "Chessington"]
[Black "Reignblowcan"]
[WhiteElo "2820"]
[BlackElo "2550"]
[Result "1-0"]
[Round "1"]
1.Ng1f3 d5
2.g3 Ng8f6
3.Bf1g2 c6
4.O-O Bc8f5
5.d3 h6
6.b3 e6
7.Bc1b2 Bf8e7
8.Nb1d2 O-O
9.Qd1e1 Nb8d7
10.e4 Bf5g6
11.Nf3h4 Bg6h7
12.Nh4f3 Bh7g6
13.a4 Qd8a5
14.Qe1e2 Rf8e8
15.e5 Nf6h7
16.Rf1c1 Bg6h5
17.Qe2e3 c5
18.d4 Ra8c8
19.c4 cxd4
20.Nf3xd4 Be7b4
21.Bb2c3 Bb4xc3
22.Qe3xc3 Qa5xc3
23.Rc1xc3 Nd7xe5
24.Nd4b5 d4
25.Rc3c1 Rc8b8
26.Nb5xa7 Ne5d3
27.Rc1b1 Nd3b4
28.c5 Nh7f6
29.Rb1c1 Bh5e2
30.c6 bxc6
31.Na7xc6 Nb4xc6
32.Rc1xc6 Re8e7
33.Ra1c1 Kf8
34.a5 Re7d7
35.f4 Rd7d8
36.Rc1a1 Be2b5
37.Rc6c1 Bb5a6
38.Rc1c6 Ba6b5
39.Rc6c7 Nf6e8
40.Rc7c1 Rd8d7
41.Nd2f3 Rd7d6
42.Nf3e5 f6
43.Ne5c4 Rd6d7
44.Kf2 Bb5xc4
45.Rc1xc4 Rb8xb3
46.Rc4c8 Rd7c7
47.Rc8xc7 Ne8xc7
48.a6 g5
49.a7 Rb3b2
50.Kf1 d3
51.Bg2f3 { resign }
1-0

[Event "1/64 Finale"]
[Site "www.chess-mail.com"]
[Date "2018.10.15"]
[Round "1"]
[White "Zack1984"]
[Black "Malbertan"]
[WhiteElo "1370"]
[BlackElo "1970"]
[Result "1-0"]
[Round "1"]
1.b4 e5
2.Bc1b2 f6
3.c4 Bf8xb4
4.e3 d5
5.Qd1b3 c5
6.cxd5 Nb8d7
7.Ng1f3 Ng8e7
8.a3 Bb4a5
9.e4 Ra8b8
10.a4 Ba5c7
11.h4 Bc7d6
12.h5 f5
13.Nf3g5 Nd7f6
14.f4 Qd8c7
15.Nb1a3 fxe4
16.Na3b5 Qc7d7
17.Nb5xd6 Qd7xd6
18.fxe5 Qd6xd5
19.Bf1c4 Qd5c6
20.exf6 gxf6
21.Bc4b5 { resign }
1-0